[Event "Top 16"]
[Site "?"]
[Date "2008.04.11"]
[Round "5.7"]
[White "Housieaux, David"]
[Black "Langevin, Philippe"]
[Result "0-1"]
[WhiteElo "2381"]
[BlackElo "2147"]
[PlyCount "90"]
[EventDate "2008.??.??"]

1. Nf3 Nf6 2. c4 g6 3. Nc3 Bg7 4. e4 d6 5. d4 O-O 6. h3 Nbd7 7. Be3 e5 8. d5 a5
9. Be2 b6 10. Qc2 Nc5 11. g4 Bd7 12. Nd2 Rb8 13. f3 c6 14. a3 cxd5 15. cxd5 a4
16. Kf2 b5 17. b4 axb3 18. Nxb3 Nxb3 19. Qxb3 Ne8 20. Kg2 f5 21. Bd3 Qh4 22.
Bf2 Qf6 23. exf5 gxf5 24. gxf5 Bxf5 25. Bxf5 Qxf5 26. Ne4 Kh8 27. Rac1 Rb7 28.
Rc3 Bh6 29. Kf1 Rbf7 30. Qxb5 Qh5 31. Ng3 Qg5 32. h4 Qd2 33. Rd3 Qc2 34. Kg2
Nc7 35. Qb1 Qa4 36. Qb4 Qd7 37. Ne4 Ne8 38. a4 Rg8+ 39. Kf1 Rf4 40. Qb5 Qf7 41.
Rh3 Rf8 42. Qb6 Qf5 43. Kg2 Nf6 44. Re3 Nxe4 45. Rxe4 Rxf3 0-1

[Event "Top 16"]
[Site "?"]
[Date "2008.04.11"]
[Round "5.8"]
[White "Martinovic, Gordana"]
[Black "Assad, Karine"]
[Result "0-1"]
[WhiteElo "2042"]
[BlackElo "1603"]
[PlyCount "86"]
[EventDate "2008.??.??"]

1. d4 Nf6 2. Bf4 b6 3. e3 Bb7 4. Nf3 g6 5. Be2 Bg7 6. h3 c5 7. c3 d6 8. Nbd2
Nbd7 9. O-O O-O 10. Re1 Qc8 11. Qb3 h6 12. Bd3 d5 13. Qa3 c4 14. Bc2 Re8 15.
Bh2 Bf8 16. Ne5 e6 17. b4 a5 18. Qc1 axb4 19. Qb1 Bg7 20. Nxf7 bxc3 21. Nd6 Qc6
22. Nxe8 cxd2 23. Nxf6+ Bxf6 24. Rd1 c3 25. Bxg6 Kg7 26. Bc2 e5 27. Qb4 exd4
28. exd4 Qc4 29. Qd6 Qc6 30. Qb4 Ba6 31. Bf4 Be2 32. Rxd2 cxd2 33. Qxd2 Bh5 34.
Bxh6+ Kf7 35. Qd3 Rh8 36. Be3 Nf8 37. Bb3 Bg6 38. Qa6 Ne6 39. Rc1 Qa8 40. Qxa8
Rxa8 41. Bxd5 Rd8 42. Rc7+ Be7 43. Rxe7+ Kxe7 0-1

[Event "Top 16"]
[Site "?"]
[Date "2008.04.11"]
[Round "5.1"]
[White "Vaisser, Anatoly"]
[Black "Buhmann, Rainer"]
[Result "1/2-1/2"]
[WhiteElo "2539"]
[BlackElo "2569"]
[PlyCount "31"]
[EventDate "2008.??.??"]

1. d4 d5 2. c4 c6 3. Nc3 Nf6 4. cxd5 cxd5 5. Bf4 Nc6 6. e3 a6 7. Bd3 Bg4 8.
Nge2 e6 9. Rc1 Be7 10. Bg5 Bh5 11. O-O O-O 12. f3 Bg6 13. Nf4 Rc8 14. Na4 Nd7
15. Bxe7 Qxe7 16. Qd2 1/2-1/2

[Event "Top 16"]
[Site "?"]
[Date "2008.04.11"]
[Round "5.2"]
[White "Schlosser, Philipp"]
[Black "Doettling, Fabian"]
[Result "1/2-1/2"]
[WhiteElo "2562"]
[BlackElo "2544"]
[PlyCount "35"]
[EventDate "2008.??.??"]

1. d4 d5 2. c4 e6 3. Nc3 Be7 4. Nf3 Nf6 5. e3 O-O 6. b3 c5 7. Bd3 cxd4 8. exd4
b6 9. O-O Bb7 10. Bd2 Nc6 11. Rc1 Rc8 12. Re1 Nb4 13. Bf1 Re8 14. a3 Nc6 15.
cxd5 Nxd5 16. Nxd5 exd5 17. Bd3 g6 18. b4 1/2-1/2

[Event "Top 16"]
[Site "?"]
[Date "2008.04.11"]
[Round "5.3"]
[White "Rozentalis, Eduardas"]
[Black "Netzer, Jean"]
[Result "1-0"]
[WhiteElo "2582"]
[BlackElo "2390"]
[PlyCount "51"]
[EventDate "2008.??.??"]

1. e4 c5 2. Nf3 d6 3. c3 Nf6 4. Be2 Bd7 5. e5 dxe5 6. Nxe5 Nc6 7. Nxd7 Qxd7 8.
O-O e6 9. a3 Be7 10. b4 O-O 11. bxc5 e5 12. d3 Bxc5 13. Bg5 Nd5 14. Bg4 f5 15.
Bf3 Kh8 16. Qb3 e4 17. dxe4 fxe4 18. Bxe4 Rae8 19. Qc4 Bb6 20. Nd2 Re5 21. Nf3
Rxf3 22. Bxf3 Rxg5 23. Rad1 Nce7 24. Rfe1 Qf5 25. Qxd5 Qxd5 26. Bxd5 1-0

[Event "Top 16"]
[Site "?"]
[Date "2008.04.11"]
[Round "5.4"]
[White "Mensch, Etienne"]
[Black "Kallai, Gabor"]
[Result "1-0"]
[WhiteElo "2324"]
[BlackElo "2468"]
[PlyCount "75"]
[EventDate "2008.??.??"]

1. d4 d5 2. c4 dxc4 3. Nf3 Nf6 4. e3 e6 5. Bxc4 c5 6. O-O a6 7. Bb3 b5 8. a4 b4
9. a5 Bb7 10. Nbd2 Be7 11. Qe2 cxd4 12. Nxd4 O-O 13. Rd1 Nbd7 14. Nc4 Qc7 15.
Bd2 Bd5 16. Rac1 Qb7 17. f3 Bc5 18. Be1 Rfc8 19. Kh1 Qa7 20. Nc2 Ne5 21. Rxd5
Nxc4 22. Rxc5 Qxc5 23. Nd4 Qxa5 24. Bxc4 Qb6 25. b3 a5 26. Ra1 Qc5 27. Nc2 Nd5
28. e4 Nc3 29. Qe3 Qxe3 30. Nxe3 a4 31. bxa4 Rxa4 32. Bxc3 Rxa1+ 33. Bxa1 b3
34. Kg1 Rd8 35. Bc3 g6 36. Kf1 Rb8 37. Bb2 Ra8 38. Ke2 1-0

[Event "Top 16"]
[Site "?"]
[Date "2008.04.11"]
[Round "5.6"]
[White "Strohhaeker, Raoul"]
[Black "Roos, Louis"]
[Result "0-1"]
[WhiteElo "2393"]
[BlackElo "2357"]
[PlyCount "64"]
[EventDate "2008.??.??"]

1. e4 e6 2. d4 d5 3. e5 c5 4. c3 Nc6 5. Nf3 Qb6 6. a3 c4 7. Nbd2 Na5 8. h4 f6
9. g3 fxe5 10. Nxe5 Nf6 11. Bh3 Bd6 12. O-O O-O 13. Rb1 Nc6 14. Qe2 Qc7 15. f4
Ne7 16. Kh2 b5 17. Ndf3 Ne4 18. g4 a5 19. Bd2 Rb8 20. Ng5 Nxd2 21. Qxd2 h6 22.
Ngf3 b4 23. axb4 axb4 24. g5 h5 25. g6 Rf6 26. Qg2 bxc3 27. bxc3 Rxb1 28. Rxb1
Rxf4 29. Kg1 Rf6 30. Qg5 Nxg6 31. Rf1 Nf4 32. Bg2 Rf5 0-1

[Event "Top 16"]
[Site "?"]
[Date "2008.04.11"]
[Round "5.7"]
[White "Roos, Jean-Luc"]
[Black "Saatdjian, Thomas"]
[Result "1/2-1/2"]
[WhiteElo "2326"]
[BlackElo "2311"]
[PlyCount "53"]
[EventDate "2008.??.??"]

1. d4 Nf6 2. c4 c5 3. e3 g6 4. Nf3 cxd4 5. exd4 d5 6. Nc3 Bg7 7. Qb3 O-O 8.
cxd5 Nbd7 9. Bf4 Nb6 10. d6 exd6 11. Be2 Re8 12. O-O Be6 13. Qa3 d5 14. Bb5 Bd7
15. Qb3 Ne4 16. Bxd7 Qxd7 17. Nb5 Qf5 18. Be5 Bxe5 19. dxe5 Nc4 20. Nc7 Ned2
21. Nxd2 Nxd2 22. Qb5 Nxf1 23. Nxa8 Qxe5 24. Rxf1 Rxa8 25. Rd1 b6 26. Qxd5 Qxd5
27. Rxd5 1/2-1/2

[Event "Top 16"]
[Site "?"]
[Date "2008.04.11"]
[Round "5.8"]
[White "Lallemand, Roza"]
[Black "Gras, Delphine"]
[Result "1-0"]
[WhiteElo "2259"]
[BlackElo "2011"]
[PlyCount "83"]
[EventDate "2008.??.??"]

1. e4 c6 2. d4 d5 3. Nd2 dxe4 4. Nxe4 Bf5 5. Ng3 Bg6 6. h4 h6 7. f4 e6 8. Nf3
Nd7 9. h5 Bh7 10. Bd3 Bxd3 11. Qxd3 Ngf6 12. Bd2 Qc7 13. O-O-O O-O-O 14. Qe2
Nd5 15. Ne5 Nxe5 16. dxe5 Bb4 17. Ne4 Kb8 18. Bxb4 Nxb4 19. a3 Nd5 20. g3 Ne7
21. Nd6 Nf5 22. Qd3 Rd7 23. g4 Nxd6 24. exd6 Qb6 25. Qc3 Rhd8 26. Qxg7 Qe3+ 27.
Kb1 Qxf4 28. Rhf1 Qg5 29. Qxg5 hxg5 30. c4 c5 31. b4 b6 32. Kc2 a6 33. Kc3 Kb7
34. b5 axb5 35. cxb5 Ra8 36. Kb3 Rh8 37. Rf6 Kc8 38. Kc4 Rh7 39. Rdf1 Kd8 40.
Rxe6 Ra7 41. Ref6 Ra4+ 42. Kd5 1-0

[Event "Top 16"]
[Site "?"]
[Date "2008.04.12"]
[Round "6.3"]
[White "Nataf Igor, Igor"]
[Black "Chabanon, Jean-Luc"]
[Result "1/2-1/2"]
[WhiteElo "2543"]
[BlackElo "2454"]
[PlyCount "118"]
[EventDate "2008.??.??"]

1. e4 e6 2. d4 d5 3. Nc3 dxe4 4. Nxe4 Nd7 5. Nf3 Ngf6 6. Bg5 Be7 7. Nxf6+ Nxf6
8. Bd3 c5 9. dxc5 Qa5+ 10. c3 Qxc5 11. Qe2 h6 12. Be3 Qc7 13. Bd4 Bc5 14. Be5
Bd6 15. O-O-O Bxe5 16. Nxe5 Bd7 17. Bb5 O-O-O 18. Nxd7 Qf4+ 19. Rd2 Nxd7 20. g3
Qc7 21. Bxd7+ Rxd7 22. Rxd7 Qxd7 23. Rd1 Qe7 24. Qe3 a6 25. Rd4 f6 26. Re4 Re8
27. Qa7 Qc7 28. Rd4 Qc6 29. b3 Qxc3+ 30. Kb1 Qe1+ 31. Kb2 Qe2+ 32. Ka3 Qb5 33.
Kb2 e5 34. Rd2 Kc7 35. a4 Qb4 36. Rc2+ Kd6 37. Rc4 Qd2+ 38. Ka3 Ke6 39. Qxb7
Qd6+ 40. Kb2 Rb8 41. Qxg7 Rxb3+ 42. Kxb3 Qd3+ 43. Kb4 Qd2+ 44. Ka3 Qd3+ 45. Kb2
Qd2+ 46. Kb3 Qd3+ 47. Rc3 Qd1+ 48. Rc2 Qd3+ 49. Kb2 Qd4+ 50. Kc1 Qa1+ 51. Kd2
Qd4+ 52. Ke2 Qe4+ 53. Kd1 Qd4+ 54. Rd2 Qxa4+ 55. Kc1 Qc4+ 56. Rc2 Qf1+ 57. Kb2
Qb5+ 58. Kc3 Qc5+ 59. Kb2 Qb4+ 1/2-1/2

[Event "Top 16"]
[Site "?"]
[Date "2008.04.12"]
[Round "6.4"]
[White "Feller, Sebastien"]
[Black "Kazhgaleyev, Murtas"]
[Result "1/2-1/2"]
[WhiteElo "2540"]
[BlackElo "2617"]
[PlyCount "128"]
[EventDate "2008.??.??"]

1. d4 Nf6 2. c4 g6 3. Nc3 d5 4. Nf3 Bg7 5. cxd5 Nxd5 6. Bd2 O-O 7. Rc1 Bg4 8.
e3 e5 9. Nxd5 Qxd5 10. Bc4 Qd7 11. h3 Bxf3 12. Qxf3 Nc6 13. d5 Ne7 14. O-O b5
15. Be2 c6 16. Bb4 cxd5 17. Rfd1 Rfd8 18. e4 a6 19. Qb3 Bh6 20. Rc2 Nc6 21.
Rxd5 Qb7 22. Bc5 Bf8 23. Be3 Nb4 24. Rxd8 Rxd8 25. Rc1 Qxe4 26. a3 Qd5 27. Qxd5
Nxd5 28. Rd1 Be7 29. a4 bxa4 30. Bxa6 Nc7 31. Rxd8+ Bxd8 32. Bc4 Be7 33. Bb6
Ne6 34. Bb5 Bc5 35. Ba5 Bd4 36. Bxa4 Bxb2 37. Bb3 Nc5 38. Bd5 Bd4 39. Kf1 Nd3
40. f3 h5 41. Bc4 Nc5 42. Bb4 Nd7 43. Be7 Kg7 44. Ke2 Nb6 45. Bb3 Nc8 46. Bb4
Kf6 47. Kd3 Nb6 48. f4 Bb2 49. fxe5+ Bxe5 50. Ke4 Bb2 51. Bd6 Kg7 52. g4 Nd7
53. Bc4 Nf6+ 54. Kf4 Bc1+ 55. Kf3 Nh7 56. Be7 Bg5 57. Bd6 Bf6 58. Bf4 h4 59.
Be3 Bg5 60. Bd4+ Kg8 61. Bf2 Be7 62. Be3 Kf8 63. Bd2 Bd6 64. g5 Kg7 1/2-1/2

[Event "Top 16"]
[Site "?"]
[Date "2008.04.12"]
[Round "6.5"]
[White "Palac, Mladen"]
[Black "Relange, Eloi"]
[Result "1-0"]
[WhiteElo "2559"]
[BlackElo "2479"]
[PlyCount "45"]
[EventDate "2008.??.??"]

1. e4 c5 2. Nf3 d6 3. d4 cxd4 4. Nxd4 Nf6 5. Nc3 e6 6. Be2 Nc6 7. Be3 Be7 8. f4
O-O 9. O-O a6 10. a4 Qc7 11. Kh1 Re8 12. Bf3 Rb8 13. Qd2 Na5 14. Qf2 Nc4 15.
Bc1 Bf8 16. b3 Na5 17. Bb2 Nc6 18. Rad1 Bd7 19. Nde2 b5 20. e5 dxe5 21. fxe5
Nxe5 22. Qg3 Qc5 23. Ne4 1-0

[Event "Top 16"]
[Site "?"]
[Date "2008.04.12"]
[Round "6.6"]
[White "Chuchelov, Vladimir"]
[Black "Govciyan, Pavel"]
[Result "1/2-1/2"]
[WhiteElo "2553"]
[BlackElo "2400"]
[PlyCount "95"]
[EventDate "2008.??.??"]

1. Nf3 g6 2. e4 d5 3. exd5 Qxd5 4. Nc3 Qd6 5. d4 Bg7 6. Bc4 Nf6 7. O-O O-O 8.
h3 a6 9. a4 Nc6 10. Re1 Bf5 11. g4 Bc8 12. Bf1 Rd8 13. a5 b6 14. axb6 cxb6 15.
Bg2 Qc7 16. Qe2 Bb7 17. Be3 Nb4 18. Ra4 a5 19. Rc1 Bc6 20. Raa1 Rac8 21. Nb5
Qb8 22. c3 Nbd5 23. Bd2 Nc7 24. Nxc7 Qxc7 25. Re1 Qb7 26. Qxe7 Qa8 27. Qe2 Ne4
28. Be3 Nd6 29. Nh4 Bxg2 30. Nxg2 Re8 31. Rad1 a4 32. Qd3 a3 33. Bf4 Rxe1+ 34.
Rxe1 Nc4 35. bxa3 Qxa3 36. Ne3 Nb2 37. Qb1 Rxc3 38. Nd5 Rxh3 39. Re8+ Bf8 40.
Be5 f6 41. Nxf6+ Kf7 42. Qc1 Bc5 43. Rd8 Qf3 44. Rd7+ Ke6 45. Rd6+ Kf7 46. Rd7+
Ke6 47. Rd6+ Kf7 48. Rd7+ 1/2-1/2

[Event "Top 16"]
[Site "?"]
[Date "2008.04.12"]
[Round "6.7"]
[White "Cornette, Matthieu"]
[Black "Hauchard, Arnaud"]
[Result "1/2-1/2"]
[WhiteElo "2496"]
[BlackElo "2490"]
[PlyCount "87"]
[EventDate "2008.??.??"]

1. e4 c6 2. Ne2 Nf6 3. Nbc3 d6 4. g3 e5 5. Bg2 h5 6. h3 h4 7. g4 g5 8. d4 Nfd7
9. Be3 Be7 10. Qd3 Nf8 11. a4 Ng6 12. O-O Na6 13. f3 Nc7 14. Rfd1 Ne6 15. d5
Nef4 16. Nxf4 exf4 17. Bd4 O-O 18. dxc6 bxc6 19. Qc4 Qe8 20. Ne2 Ne5 21. Qc3
Bf6 22. Qd2 Qe7 23. b3 Rd8 24. c4 c5 25. Bf2 Be6 26. Rab1 Nc6 27. Nc3 Be5 28.
Nd5 Bxd5 29. cxd5 Nb4 30. Bf1 Rab8 31. Bc4 Qf6 32. Qe2 Rdc8 33. Kg2 Qd8 34. Be1
Rb6 35. Bb5 a5 36. Rbc1 Rcb8 37. Bxb4 axb4 38. Bc6 Qc8 39. Rc2 Ra6 40. Bd7 Qb7
41. Bc6 Qb6 42. Qb5 Qa7 43. Qc4 Ra5 44. Re1 1/2-1/2

[Event "Top 16"]
[Site "?"]
[Date "2008.04.12"]
[Round "6.8"]
[White "Roumegous, Marina"]
[Black "Leconte, Maria"]
[Result "0-1"]
[WhiteElo "2217"]
[BlackElo "2336"]
[PlyCount "90"]
[EventDate "2008.??.??"]

1. d4 Nf6 2. c4 e6 3. Nc3 Bb4 4. e3 O-O 5. Nge2 d5 6. a3 Be7 7. Ng3 c5 8. dxc5
Bxc5 9. cxd5 exd5 10. Be2 Nc6 11. O-O Be6 12. b3 a6 13. Bf3 Ne5 14. Be2 Rc8 15.
Bb2 Nfg4 16. Bxg4 Nxg4 17. Qf3 Qh4 18. h3 Ne5 19. Qe2 Bd6 20. Rad1 Bg4 21. Qd2
Bxd1 22. Rxd1 Rfd8 23. Nxd5 Kf8 24. Nf5 Qg5 25. Ng3 Nf3+ 26. gxf3 Bxg3 27. Kf1
Bd6 28. Qd3 Qg6 29. e4 Bc5 30. b4 Bd6 31. a4 Qe6 32. Kg2 Be5 33. Ba3 Bd6 34.
Bb2 Qg6+ 35. Kf1 Bxb4 36. Qb3 a5 37. Bd4 Qa6+ 38. Kg2 Qc4 39. Qe3 h6 40. Nb6
Qc2 41. Rd3 Rc6 42. Bc5+ Bxc5 43. Rxd8+ Ke7 44. Rd7+ Ke8 45. Rd2 Bxe3 0-1

[Event "Top 16"]
[Site "?"]
[Date "2008.04.12"]
[Round "6.1"]
[White "Svetushkin, Dmitry"]
[Black "Gurevich, Mikhail"]
[Result "1-0"]
[WhiteElo "2568"]
[BlackElo "2611"]
[PlyCount "109"]
[EventDate "2008.??.??"]

1. d4 d5 2. c4 c6 3. Nf3 Nf6 4. e3 Bf5 5. Nc3 e6 6. Nh4 Bg6 7. Be2 Nbd7 8. O-O
Be7 9. Nxg6 hxg6 10. b3 Qc7 11. g3 a6 12. Bb2 O-O 13. Rc1 Rac8 14. Kg2 Qb8 15.
f4 dxc4 16. bxc4 Rfd8 17. Qb3 c5 18. d5 e5 19. a4 Re8 20. e4 exf4 21. gxf4 Bd6
22. e5 Nxe5 23. fxe5 Bxe5 24. Bf3 Bxh2 25. Ne2 Be5 26. Rh1 g5 27. Bxe5 Rxe5 28.
Ng3 g4 29. Bd1 Rce8 30. Qb2 b5 31. axb5 axb5 32. Qxb5 Nxd5 33. Qxb8 Nf4+ 34.
Kh2 Rxb8 35. Rf1 Ne6 36. Rc2 g6 37. Bxg4 Nd4 38. Ra2 f5 39. Bf3 Re3 40. Bd5+
Kg7 41. Rff2 Rbe8 42. Ra7+ R3e7 43. Ra6 Rh8+ 44. Kg1 Rh4 45. Rg2 Rg4 46. Nf1
Rxg2+ 47. Kxg2 Kh6 48. Nh2 Kh5 49. Nf3 g5 50. Nxd4 cxd4 51. Rf6 Re2+ 52. Kf1
Re3 53. Rxf5 d3 54. Bf3+ Kg6 55. Kf2 1-0

[Event "Top 16"]
[Site "?"]
[Date "2008.04.12"]
[Round "6.3"]
[White "Mamedov, Nidjat"]
[Black "Degraeve, Jean-Marc"]
[Result "1/2-1/2"]
[WhiteElo "2577"]
[BlackElo "2556"]
[PlyCount "49"]
[EventDate "2008.??.??"]

1. e4 e5 2. Nf3 Nc6 3. Bb5 f5 4. Nc3 fxe4 5. Nxe4 d5 6. Ng3 Bd6 7. Nxe5 Nge7 8.
d4 O-O 9. f4 Nf5 10. Nxf5 Bxf5 11. O-O Ne7 12. Be3 c6 13. Bd3 Qb6 14. Rb1 Bxe5
15. fxe5 Qc7 16. Bg5 Bxd3 17. Qxd3 Ng6 18. h4 Rxf1+ 19. Rxf1 Nf8 20. Qa3 Ne6
21. Qd6 Qxd6 22. exd6 Nxg5 23. hxg5 Rd8 24. Re1 Rd7 25. Re7 1/2-1/2

[Event "Top 16"]
[Site "?"]
[Date "2008.04.12"]
[Round "6.4"]
[White "Eliet, Nicolas"]
[Black "Koch, Jean-Rene"]
[Result "1/2-1/2"]
[WhiteElo "2451"]
[BlackElo "2453"]
[PlyCount "91"]
[EventDate "2008.??.??"]

1. d4 Nf6 2. Nf3 c5 3. d5 b5 4. Bg5 d6 5. Bxf6 exf6 6. e4 a6 7. a4 b4 8. Bd3 g6
9. Nbd2 Bg7 10. Nc4 O-O 11. a5 Ra7 12. O-O Bb7 13. Rb1 f5 14. exf5 Bxd5 15. Be2
Be4 16. fxg6 hxg6 17. Nfd2 Bc6 18. Nb3 Bb5 19. Ne3 Nc6 20. Re1 Nd4 21. Bc4 Bxc4
22. Nxc4 Qh4 23. Nb6 Nxb3 24. cxb3 Bd4 25. Qf3 Re7 26. g3 Qg5 27. h4 Rxe1+ 28.
Rxe1 Qd2 29. Re2 Qc1+ 30. Kg2 Qb1 31. h5 Qf5 32. Qxf5 gxf5 33. Kf3 Kg7 34. Nc4
Rh8 35. Nxd6 Rxh5 36. Ne8+ Kf8 37. Nc7 Rh6 38. Kf4 c4 39. bxc4 Rc6 40. Nd5 Rxc4
41. b3 Rc5 42. Nxb4 Rxa5 43. Nc6 Rd5 44. Ne7 Rb5 45. Nxf5 Bc3 46. Ra2 1/2-1/2

[Event "Top 16"]
[Site "?"]
[Date "2008.04.12"]
[Round "6.5"]
[White "Neiman, Emmanuel"]
[Black "Rausis, Igor"]
[Result "1-0"]
[WhiteElo "2362"]
[BlackElo "2511"]
[PlyCount "89"]
[EventDate "2008.??.??"]

1. d4 d5 2. Nf3 Nf6 3. c4 dxc4 4. e3 e6 5. Bxc4 c5 6. O-O a6 7. a4 Nc6 8. Qe2
cxd4 9. Rd1 d3 10. Bxd3 Qc7 11. Nc3 Be7 12. h3 O-O 13. e4 Nd7 14. Bb1 Rd8 15.
Re1 Bf6 16. Be3 Nde5 17. Nxe5 Bxe5 18. Qg4 Nb4 19. Ra3 Nd3 20. Bxd3 Rxd3 21.
Qe2 Rd8 22. a5 Qc6 23. Bb6 Rd6 24. Qe3 Qc4 25. f4 Rxb6 26. fxe5 Rxb2 27. Na4
Rb4 28. Rc3 Qd4 29. Qxd4 Rxd4 30. Nb6 Rb8 31. Nxc8 h6 32. Rc5 Kh7 33. Rb1 Rxe4
34. Nd6 Rf4 35. Rxb7 Rf8 36. Rc4 Rxc4 37. Nxc4 Rc8 38. Rb4 Rc5 39. Kf2 f6 40.
Ke3 fxe5 41. Kd3 Kg6 42. Rb6 Kf5 43. Nd6+ Kf4 44. Rxa6 e4+ 45. Kd2 1-0

[Event "Top 16"]
[Site "?"]
[Date "2008.04.12"]
[Round "6.6"]
[White "Vallin, Guillaume"]
[Black "Pucher, Olivier"]
[Result "1-0"]
[WhiteElo "2409"]
[BlackElo "2334"]
[PlyCount "72"]
[EventDate "2008.??.??"]

1. d4 Nf6 2. Nf3 e6 3. e3 b6 4. Bd3 Bb7 5. O-O d5 6. b3 Bd6 7. Bb2 O-O 8. c4
Nbd7 9. Nbd2 Ne4 10. Qc2 f5 11. Rad1 Rf6 12. c5 bxc5 13. dxc5 Ndxc5 14. Bxf6
Qxf6 15. Nd4 a6 16. b4 Nxd3 17. Qxd3 e5 18. Ne2 Rd8 19. Nxe4 fxe4 20. Qb3 c6
21. Nc3 Qg6 22. a4 Kh8 23. b5 axb5 24. axb5 d4 25. bxc6 Bc8 26. Ne2 Bg4 27. Rd2
h5 28. exd4 Bxe2 29. Rxe2 exd4 30. Qb6 Be7 31. Rb2 Rc8 32. Qb7 Qe6 33. c7 Bd6
34. Rb6 Bxh2+ 35. Kxh2 Qe5+ 36. Kg1 Rxc7 1-0

[Event "Top 16"]
[Site "?"]
[Date "2008.04.12"]
[Round "6.7"]
[White "Pucher, Sebastien"]
[Black "Payen, Arnaud"]
[Result "0-1"]
[WhiteElo "2221"]
[BlackElo "2372"]
[PlyCount "80"]
[EventDate "2008.??.??"]

1. e4 g6 2. d4 Bg7 3. Nc3 c6 4. Be3 d5 5. f3 Qb6 6. Na4 Qa5+ 7. c3 Nd7 8. b4
Qc7 9. Bd3 dxe4 10. fxe4 e5 11. Nf3 Ngf6 12. O-O Ng4 13. Qe2 O-O 14. Kh1 Ndf6
15. Bg1 Nh5 16. Nb2 a5 17. a3 axb4 18. axb4 Rxa1 19. Rxa1 Rd8 20. Qe1 exd4 21.
cxd4 Rxd4 22. Nxd4 Bxd4 23. Ra8 Bxg1 24. Qxg1 Qe5 25. Rxc8+ Kg7 26. g3 Qxb2 27.
Bf1 Nf2+ 28. Kg2 Nxe4+ 29. Kh1 Nhf6 30. Rd8 Nf2+ 31. Kg2 N6g4 32. h3 Ne4+ 33.
Kh1 Ngf2+ 34. Kh2 h5 35. h4 Ng4+ 36. Kh3 Nef2+ 37. Kg2 Qe5 38. Bd3 Nxd3 39. Qd4
Qxd4 40. Rxd4 Nge5 0-1

[Event "Top 16"]
[Site "?"]
[Date "2008.04.12"]
[Round "6.8"]
[White "Collas, Silvia"]
[Black "Leclair, Marie"]
[Result "1-0"]
[WhiteElo "2395"]
[BlackElo "1974"]
[PlyCount "73"]
[EventDate "2008.??.??"]

1. d4 d5 2. Nf3 c6 3. c4 Nf6 4. Nc3 e6 5. Bg5 Be7 6. e3 O-O 7. Qc2 Nbd7 8. Rd1
Re8 9. a3 a6 10. Bd3 h6 11. Bh4 dxc4 12. Bxc4 b5 13. Ba2 Nd5 14. Bxe7 Nxe7 15.
Ne4 Qc7 16. Bb1 Ng6 17. O-O Bb7 18. Nc5 Ndf8 19. Rc1 Rac8 20. Ne5 Nxe5 21. dxe5
a5 22. Rfd1 Red8 23. Rd6 Ba8 24. Rcd1 Qe7 25. Qd2 Rxd6 26. exd6 Qg5 27. d7 Rd8
28. Qxa5 Qe7 29. Qc7 e5 30. Be4 Ne6 31. Nxe6 fxe6 32. Bxc6 Bxc6 33. Qxc6 b4 34.
a4 b3 35. a5 Kf7 36. a6 Qb4 37. a7 1-0

[Event "Top 16"]
[Site "?"]
[Date "2008.04.12"]
[Round "6.1"]
[White "Buhmann, Rainer"]
[Black "Rowson, Jonathan"]
[Result "0-1"]
[WhiteElo "2569"]
[BlackElo "2582"]
[PlyCount "78"]
[EventDate "2008.??.??"]

1. Nf3 d5 2. d4 Nf6 3. c4 e6 4. Nc3 Nbd7 5. Bg5 c6 6. e3 Qa5 7. Nd2 dxc4 8.
Bxf6 Nxf6 9. Nxc4 Qc7 10. Rc1 Be7 11. g3 O-O 12. Bg2 Rd8 13. O-O Bd7 14. Qe2
Be8 15. a3 Nd5 16. Ne4 Rac8 17. b4 b6 18. Qb2 a5 19. bxa5 b5 20. Ne5 Ra8 21.
Nc5 Rxa5 22. Rfd1 Qa7 23. Rd3 Ra8 24. e4 Nb6 25. Qe2 Rxa3 26. Nb3 Qb7 27. h4
Nc4 28. Nf3 Ra2 29. Qe1 Rd8 30. e5 c5 31. Ng5 Bc6 32. Ne4 cxd4 33. Nxd4 Bd5 34.
Nxb5 Nxe5 35. Rxd5 exd5 36. Nec3 Nd3 37. Qd1 Nxc1 38. Bxd5 Rxd5 39. Nxd5 Ne2+
0-1

[Event "Top 16"]
[Site "?"]
[Date "2008.04.12"]
[Round "6.2"]
[White "Magem Badals, Jordi"]
[Black "Schlosser, Philipp"]
[Result "1/2-1/2"]
[WhiteElo "2470"]
[BlackElo "2562"]
[PlyCount "59"]
[EventDate "2008.??.??"]

1. e4 d6 2. d4 g6 3. Nf3 Bg7 4. Bc4 Nf6 5. Qe2 O-O 6. e5 dxe5 7. dxe5 Nd5 8. h3
c6 9. O-O Nd7 10. Re1 Nc5 11. Nbd2 Nb6 12. Nb3 Be6 13. Nxc5 Bxc4 14. Qe3 Qc7
15. b3 Bd5 16. Nd4 Nd7 17. Nxd7 Qxd7 18. c4 Be6 19. Ba3 Rfe8 20. Rad1 b6 21. f4
c5 22. Nxe6 Qxe6 23. Qf3 Rad8 24. Bb2 Qf5 25. Bc1 Qc2 26. Rxd8 Rxd8 27. Qf2 Qd3
28. Kh2 f6 29. exf6 Bxf6 30. Bb2 1/2-1/2

[Event "Top 16"]
[Site "?"]
[Date "2008.04.12"]
[Round "6.3"]
[White "Netzer, Jean"]
[Black "Gofshtein, Leonid"]
[Result "0-1"]
[WhiteElo "2390"]
[BlackElo "2512"]
[PlyCount "68"]
[EventDate "2008.??.??"]

1. e4 e5 2. Nf3 Nc6 3. Be2 Nf6 4. d3 g6 5. O-O Bg7 6. Nbd2 O-O 7. c3 d6 8. Re1
Ne8 9. b4 a6 10. Bb2 f5 11. g3 f4 12. d4 g5 13. dxe5 dxe5 14. Nb3 Nd6 15. Nfd2
Qf6 16. Bg4 Bxg4 17. Qxg4 Rae8 18. a3 Qg6 19. Qe2 g4 20. c4 h5 21. b5 axb5 22.
cxb5 Nd8 23. Nc5 b6 24. Nd3 f3 25. Qd1 h4 26. Qb3+ Kh7 27. Rec1 Re7 28. Qd5
N8f7 29. Kf1 Rd8 30. Rc6 hxg3 31. hxg3 Bh6 32. Nb3 Qh5 33. Kg1 Ne8 34. Qxd8
Nxd8 0-1

[Event "Top 16"]
[Site "?"]
[Date "2008.04.12"]
[Round "6.4"]
[White "Marcelin, Cyril"]
[Black "Heinz, Timothee"]
[Result "1-0"]
[WhiteElo "2510"]
[BlackElo "2304"]
[PlyCount "129"]
[EventDate "2008.??.??"]

1. e4 c5 2. Nf3 d6 3. c3 Nf6 4. Be2 Nbd7 5. Qc2 Qc7 6. O-O e6 7. Re1 Be7 8. Bf1
O-O 9. Qd1 b6 10. d4 Bb7 11. Bd3 cxd4 12. cxd4 d5 13. e5 Ne4 14. Bf4 Bb4 15.
Bd2 Be7 16. Bf4 Bb4 17. Re2 f5 18. Ng5 Nxg5 19. Bxg5 Rf7 20. Qa4 Be7 21. Rc2
Qd8 22. Bxe7 Rxe7 23. Ba6 Nf8 24. Na3 Rc8 25. Bd3 Rxc2 26. Nxc2 Qa8 27. Na3 Bc6
28. Qb4 Rc7 29. Rc1 Rc8 30. Qd2 Nd7 31. Rc3 a6 32. Qg5 Qb7 33. Qe7 Nf8 34. Qd6
Bd7 35. Rxc8 Bxc8 36. Nb1 Bd7 37. Nc3 b5 38. g3 Qc6 39. Qb4 Kf7 40. Kf1 Qb6 41.
Na4 Qc6 42. Nc5 Bc8 43. Qd2 Nd7 44. b4 Qc7 45. g4 Nxc5 46. bxc5 Qd8 47. h3 Bd7
48. Kg2 a5 49. Qc1 Qe8 50. c6 Bxc6 51. gxf5 Kg8 52. Qg5 exf5 53. Qxf5 g6 54.
Qf6 Bd7 55. Qd6 Qe6 56. Qxe6+ Bxe6 57. Bxb5 Kg7 58. f4 h5 59. h4 Kf7 60. Kf3
Bf5 61. Ke3 Bb1 62. a3 Bc2 63. Bd3 Bd1 64. f5 gxf5 65. Bxf5 1-0

[Event "Top 16"]
[Site "?"]
[Date "2008.04.12"]
[Round "6.5"]
[White "Mensch, Etienne"]
[Black "Housieaux, David"]
[Result "1/2-1/2"]
[WhiteElo "2324"]
[BlackElo "2381"]
[PlyCount "31"]
[EventDate "2008.??.??"]

1. d4 d6 2. c4 g6 3. Nc3 Bg7 4. Nf3 e5 5. dxe5 dxe5 6. Qxd8+ Kxd8 7. Be3 h6 8.
O-O-O+ Bd7 9. Bc5 Kc8 10. g3 Be6 11. b3 Nd7 12. Ba3 Ngf6 13. Bg2 a5 14. Bb2 Re8
15. h3 Ra6 16. Nd2 1/2-1/2

[Event "Top 16"]
[Site "?"]
[Date "2008.04.12"]
[Round "6.6"]
[White "Clery, Nicolas"]
[Black "Strohhaeker, Raoul"]
[Result "1-0"]
[WhiteElo "2379"]
[BlackElo "2393"]
[PlyCount "79"]
[EventDate "2008.??.??"]

1. d4 Nf6 2. c4 c5 3. d5 g6 4. Nc3 d6 5. Nf3 Bg7 6. g3 O-O 7. Bg2 e6 8. O-O
exd5 9. cxd5 Na6 10. Nd2 Nc7 11. Nc4 Nfe8 12. a4 b6 13. Bd2 f5 14. Re1 Ba6 15.
b3 Nf6 16. Rc1 Qd7 17. Bf4 Bxc4 18. bxc4 Nh5 19. Bd2 f4 20. Ne4 Rae8 21. Rf1
fxg3 22. hxg3 Re7 23. Qb3 Ne8 24. Ng5 Rxe2 25. Bh3 Qe7 26. Qd3 Rxd2 27. Qxd2
Bh6 28. Be6+ Kh8 29. Nf7+ Qxf7 30. Qxh6 Qf6 31. Rce1 Neg7 32. Bg4 Kg8 33. Bxh5
Nxh5 34. Re6 Qf5 35. Re7 Rf7 36. Rxf7 Qxf7 37. Re1 Ng7 38. Qg5 Nf5 39. Qd8+ Kg7
40. g4 1-0

[Event "Top 16"]
[Site "?"]
[Date "2008.04.12"]
[Round "6.7"]
[White "Saatdjian, Thomas"]
[Black "Nguyen, Chi-Minh"]
[Result "0-1"]
[WhiteElo "2311"]
[BlackElo "2414"]
[PlyCount "84"]
[EventDate "2008.??.??"]

1. Nf3 Nf6 2. c4 b6 3. g3 Bb7 4. Bg2 e6 5. O-O Be7 6. Nc3 O-O 7. Re1 Ne4 8.
Nxe4 Bxe4 9. d3 Bb7 10. e4 c5 11. d4 cxd4 12. Nxd4 Nc6 13. Be3 Nxd4 14. Qxd4
Bc5 15. Qd2 Qc7 16. Bxc5 bxc5 17. Rad1 Rfd8 18. e5 Bxg2 19. Kxg2 a5 20. Re3
Rab8 21. Kg1 Rb4 22. Qc3 a4 23. Rd2 h6 24. g4 Qb7 25. f3 Rb8 26. Ree2 Qa6 27.
Re4 R8b7 28. h4 Qb6 29. Ree2 Qd8 30. Rh2 Qa8 31. Rhe2 Qa6 32. Re4 Qb6 33. Ree2
Qc6 34. Kg2 Qa6 35. Re4 Qa8 36. Kh3 Qf8 37. Kg3 f5 38. gxf5 Qxf5 39. Rf4 Qb1
40. Qe3 Rxb2 41. Rxb2 Rxb2 42. Rg4 Qh1 0-1